01553nam a2200361 a 4500001001000000003000500010005001700015008004100032010001100073011001100084040000900095090001000104100003800114245019300152260004100345500006000386502007700446590004100523590004100564590003900605590003900644650002700683650003200710650003300742650002900775856007000804901000700874942001000881942000600891999001900897952013500916952014001051000108661CHAP20220329144020.0140303s2012 mx | |sm |||||||spa|d a105123 a106095 cCHAP aTesis1 aLópez Cruz, Felícitas912570210aModelo estadístico para la estimación de rendimiento y selección de familias de medios hermanos maternos en girasol (Helianthus annus L.)h[En línea]cpor Felícitas López Cruz. aChapingo, Méx. :bEl autor,c2012. aPara ver el contenido del material haga clic en la liga aTesis (Ing. Agr. Esp. en Fitotecnia) -- UACH. Departamento de Fitotecnia aBATCH-UPDb05c20140324lUCH01h1536 aBATCH-UPDb05c20141002lUCH01h0857 aE792CSJb05c20140303lUCH01h1046 aE792CSJb05c20140303lUCH01h104614aAceite de girasol943214aGirasolxGenética.94814914aGirasolxRendimiento.94817114aGirasolxSemilla.948175 aFinding aiduhttp://10.13.5.2/tesis/sist108661.pdfzTeclea aquí aBK cTESIS n0 c105123d105123 00102local4051708TESISaBCbBCcPA_TESISd2014-03-03fTESISl0oTesisp33724002353876r2019-12-31 00:00:00w2014-03-03yTESIS 00102local4053708TESISaBCbBCcPA_TESISd2014-03-03fTESISl0oTesisp33724002353918r2019-12-31 00:00:00tc.2w2019-12-31yTESIS